| 000 | 02064nam2a2200385 4500 | ||
|---|---|---|---|
| 001 | RU\NLR\BIBL_A\022577052 | ||
| 005 | 20250801145249.0 | ||
| 010 |
_a978-5-00110-483-4 _9100 |
||
| 021 |
_aRU _bКН-П-25-021653 _9КН-П-25-2191 |
||
| 035 | _a(NLR Aleph) 022577052 | ||
| 090 |
_a13448081 _c13448081 |
||
| 100 | _a20250701d2024 u y0rusy50 ca | ||
| 101 | 0 | _arus | |
| 102 | _aRU | ||
| 105 | _aa j 001yy | ||
| 200 | 1 | _aЧеловек в городе и оптимизация городской среды | |
| 210 | _d2024 | ||
| 215 |
_a97 с. _cил., табл. |
||
| 320 | _aБиблиогр.: с. 82-92 (119 назв.) | ||
| 320 | _aУказатель основных понятий и терминов: с. 93-97 | ||
| 461 | 0 |
_1001RU\NLR\BIBL_A\022576971 _12001#$aУрбоэкология$vЧ. 2 _1700#1$aДорофеева$bМ. М.$gМария Михайловна |
|
| 606 | 1 |
_aЗдоровье _jУчебные издания для высших учебных заведений _xВлияние экологии городов _92536021 _3RU\NLR\AUTH\661501804 |
|
| 606 | 1 |
_aОкружающая среда городов _jУчебные издания для высших учебных заведений _xЭкологический фитомониторинг _92318070 _3RU\NLR\AUTH\661386936 |
|
| 606 | 1 |
_aОтходы _jУчебные издания для высших учебных заведений _xУтилизация _92171818 _3RU\NLR\AUTH\661306395 |
|
| 606 | 1 |
_aГорода _jУчебные издания для высших учебных заведений _xБлагоустройство _92098046 _3RU\NLR\AUTH\661269236 |
|
| 606 | 1 |
_aЗемлеустройство _jУчебные издания для высших учебных заведений _9910467 _3RU\NLR\AUTH\6612701 |
|
| 686 | 1 | _aР121.21я73 | |
| 686 | 1 | _aР121.288я73 | |
| 686 | 1 | _aП271.1я73 | |
| 686 | 1 | _aН9я73-1 | |
| 686 | 1 | _aУ32(0)-513я73 | |
| 942 | _cBOOK | ||
| 980 | _aNB | ||